Formación ética y ciudadana i /
Guardado en:
| Autor Principal: | |
|---|---|
| Otros Autores: | , , , , |
| Formato: | Libro |
| Publicado: |
Buenos Aires :
Santillana,
2007
|
| Series: | Nuevamente
|
| Materias: | |
| Etiquetas: |
Agregar Etiqueta
Sin Etiquetas, Sea el primero en etiquetar este registro!
|
| LEADER | 01551nam a22003255a 4500 | ||
|---|---|---|---|
| 001 | CEM.cems012998 | ||
| 005 | 20081016112225.0 | ||
| 008 | 130507s2007##################000#0#####d | ||
| 003 | CEMS | ||
| 020 | |a 9789504618621 | ||
| 082 | 0 | 4 | |a Z320 |
| 100 | 1 | |a Donatello, Luis M. | |
| 245 | 1 | 0 | |a Formación ética y ciudadana i / |c Luis M. Donatello ... [et Al.] |
| 260 | |a Buenos Aires : |b Santillana, |c 2007 | ||
| 300 | |a 144 p. | ||
| 490 | 0 | |a Nuevamente | |
| 500 | |a Para nivel Educación Secundaria Básica | ||
| 505 | 0 | |a Vivimos en sociedad -- La adolescencia -- Aprendemos a vivir en sociedad -- La familia -- La escuela -- Medios masivos de comunicación -- Cultura e identidad -- El trabajo y las necesidades humanas -- Cómo se gobiernan las sociedades -- Cómo se hacen las leyes -- Adolescentes en la ciudad -- Sociedad y alimentación -- La sociedad de la información -- Una democracia para todos | |
| 653 | |a Formación ética y ciudadana-educación secundaria básica | ||
| 653 | |a Formación ética y ciudadana 7º-egb | ||
| 653 | |a Educación ética y ciudadana 1º-esb | ||
| 653 | |a Formación ética y ciudadana-educación general básica | ||
| 700 | 1 | |a Micó, Guillermo | |
| 700 | 1 | |a Portas, Silvia M. | |
| 700 | 1 | |a Sagoi, Cecilia G. | |
| 700 | 1 | |a Urresti Rivero, Marcelo A. | |
| 700 | 1 | |a Zibecchi, Carla | |
| 859 | |a CEMS |b BIB. CEMS - 11 de abril |h Z320 |i D715 |p 25397.08 |t Ej.1 |v I |3 I | ||
| 859 | |a CEMS |b BIB. CEMS - 11 de abril |h Z320 |i D715 |p 25398.08 |t Ej.2 |v I |3 I | ||
| 859 | |a CEMS |b BIB. CEMS - 11 de abril |h Z320 |i D715 |p 25399.08 |t Ej.3 |v I |3 I | ||
